Business Mathematics (Record no. 12166)

MARC details
000 -LEADER
fixed length control field 00386nam a22001697a 4500
003 - CONTROL NUMBER IDENTIFIER
control field OSt
008 - FIXED-LENGTH DATA ELEMENTS--GENERAL INFORMATION
fixed length control field 240112b |||||||| |||| 00| 0 eng d
020 ## - INTERNATIONAL STANDARD BOOK NUMBER
International Standard Book Number 9789389686425
082 ## - DEWEY DECIMAL CLASSIFICATION NUMBER
Classification number 510 RAB
100 ## - MAIN ENTRY--PERSONAL NAME
Personal name RAYARIKAR,AV
245 ## - TITLE STATEMENT
Title Business Mathematics
250 ## - EDITION STATEMENT
Edition statement 3rd Ed
260 ## - PUBLICATION, DISTRIBUTION, ETC. (IMPRINT)
Place of publication, distribution, etc New Delhi
Name of publisher, distributor, etc Nirali Publications
Date of publication, distribution, etc 2023
300 ## - PHYSICAL DESCRIPTION
Extent MISC
700 ## - ADDED ENTRY--PERSONAL NAME
Personal name DIXIT,PG
942 ## - ADDED ENTRY ELEMENTS (KOHA)
Source of classification or shelving scheme Dewey Decimal Classification
Holdings
Withdrawn status Lost status Source of classification or shelving scheme Damaged status Not for loan Collection code Home library Current library Date acquired Source of acquisition Currency Cost, normal purchase price Bill Number Total Checkouts Full call number Acc. no. / Barcode Date last seen Actual Cost, discounted price Bill Date Koha item type Date last borrowed
    Dewey Decimal Classification     BBA PIET C-LIBRARY PIET C-LIBRARY 29/12/2023 Zafaa Books and Distributors In rupees 230.00 ZBD0306   510 RAB 35322 12/01/2024 177.10 29/12/2023 Reference Books  
    Dewey Decimal Classification     BBA PIET C-LIBRARY PIET C-LIBRARY 29/12/2023 Zafaa Books and Distributors In rupees 230.00 ZBD0306 8 510 RAB 35323 23/03/2026 177.10 29/12/2023 Text Books 18/03/2026
    Dewey Decimal Classification     BBA PIET C-LIBRARY PIET C-LIBRARY 29/12/2023 Zafaa Books and Distributors In rupees 230.00 ZBD0306 7 510 RAB 35324 11/03/2026 177.10 29/12/2023 Text Books 23/02/2026
    Dewey Decimal Classification     BBA PIET C-LIBRARY PIET C-LIBRARY 29/12/2023 Zafaa Books and Distributors In rupees 230.00 ZBD0306 9 510 RAB 35325 05/03/2026 177.10 29/12/2023 Text Books 17/02/2026
    Dewey Decimal Classification     BBA PIET C-LIBRARY PIET C-LIBRARY 29/12/2023 Zafaa Books and Distributors In rupees 230.00 ZBD0306 6 510 RAB 35326 05/03/2026 177.10 29/12/2023 Text Books 14/02/2026
    Dewey Decimal Classification     BBA PIET C-LIBRARY PIET C-LIBRARY 29/12/2023 Zafaa Books and Distributors In rupees 230.00 ZBD0306 8 510 RAB 35327 05/03/2026 177.10 29/12/2023 Text Books 25/02/2026
    Dewey Decimal Classification     BBA PIET C-LIBRARY PIET C-LIBRARY 29/12/2023 Zafaa Books and Distributors In rupees 230.00 ZBD0306 5 510 RAB 35328 20/05/2026 177.10 29/12/2023 Text Books 28/05/2025
    Dewey Decimal Classification     BBA PIET C-LIBRARY PIET C-LIBRARY 29/12/2023 Zafaa Books and Distributors In rupees 230.00 ZBD0306 6 510 RAB 35329 17/03/2026 177.10 29/12/2023 Text Books 09/03/2026
    Dewey Decimal Classification     BBA PIET C-LIBRARY PIET C-LIBRARY 29/12/2023 Zafaa Books and Distributors In rupees 230.00 ZBD0306 5 510 RAB 35330 25/02/2026 177.10 29/12/2023 Text Books 17/02/2026
    Dewey Decimal Classification     BBA PIET C-LIBRARY PIET C-LIBRARY 29/12/2023 Zafaa Books and Distributors In rupees 230.00 ZBD0306 7 510 RAB 35331 20/02/2026 177.10 29/12/2023 Text Books 16/02/2026

Design & Developed by: PIET Central Library
R70 Miles Stone Pattikalyana Samalkha Panipat 132102
mail ID :- [email protected], Phone No:- 0180-2569700 Ex.216